000 00363 a2200133 4500
020 _a0070575215
050 _aRL801
_b.D47 1988
245 _aDermatologic formulary /
260 _aNew York [u.a.]
_bMcGraw-Hill
_cc1988
300 _axi ,222 p .:
_bill ;
_c18 cm .
650 _aFormularies Skin Diseases
_95119
650 _adrug therapy
_93309
942 _2lcc
_cBK
_n0
999 _c2554
_d2554